<?xml version="1.0" encoding="UTF-8"?>
<collection xmlns="http://www.loc.gov/MARC21/slim">
 <record>
  <leader>04711cam a2200781   4500</leader>
  <controlfield tag="001">781220246</controlfield>
  <controlfield tag="003">DE-627</controlfield>
  <controlfield tag="005">20221028105012.0</controlfield>
  <controlfield tag="007">tu</controlfield>
  <controlfield tag="008">140321s2013    be |||||      00| ||fre c</controlfield>
  <datafield tag="020" ind1=" " ind2=" ">
   <subfield code="a">9782503547459</subfield>
   <subfield code="9">978-2-503-54745-9</subfield>
  </datafield>
  <datafield tag="024" ind1="3" ind2=" ">
   <subfield code="a">9782503547459</subfield>
  </datafield>
  <datafield tag="035" ind1=" " ind2=" ">
   <subfield code="a">(DE-627)781220246</subfield>
  </datafield>
  <datafield tag="035" ind1=" " ind2=" ">
   <subfield code="a">(DE-576)386982090</subfield>
  </datafield>
  <datafield tag="035" ind1=" " ind2=" ">
   <subfield code="a">(DE-599)BSZ386982090</subfield>
  </datafield>
  <datafield tag="035" ind1=" " ind2=" ">
   <subfield code="a">(OCoLC)888630593</subfield>
  </datafield>
  <datafield tag="035" ind1=" " ind2=" ">
   <subfield code="a">(OCoLC)855546094</subfield>
  </datafield>
  <datafield tag="035" ind1=" " ind2=" ">
   <subfield code="a">(OCoLC)888630593</subfield>
  </datafield>
  <datafield tag="040" ind1=" " ind2=" ">
   <subfield code="a">DE-627</subfield>
   <subfield code="b">ger</subfield>
   <subfield code="c">DE-627</subfield>
   <subfield code="e">rakwb</subfield>
  </datafield>
  <datafield tag="041" ind1=" " ind2=" ">
   <subfield code="a">fre</subfield>
   <subfield code="a">ita</subfield>
  </datafield>
  <datafield tag="044" ind1=" " ind2=" ">
   <subfield code="c">XA-BE</subfield>
  </datafield>
  <datafield tag="084" ind1=" " ind2=" ">
   <subfield code="a">9,10</subfield>
   <subfield code="2">ssgn</subfield>
  </datafield>
  <datafield tag="084" ind1=" " ind2=" ">
   <subfield code="a">LH 78964</subfield>
   <subfield code="q">OBV</subfield>
   <subfield code="2">rvk</subfield>
   <subfield code="0">(DE-625)rvk/95088:6</subfield>
  </datafield>
  <datafield tag="084" ind1=" " ind2=" ">
   <subfield code="a">LH 79114</subfield>
   <subfield code="q">BVB</subfield>
   <subfield code="2">rvk</subfield>
   <subfield code="0">(DE-625)rvk/95098:6</subfield>
  </datafield>
  <datafield tag="084" ind1=" " ind2=" ">
   <subfield code="a">LM 92614</subfield>
   <subfield code="2">rvk</subfield>
   <subfield code="0">(DE-625)rvk/101791:6</subfield>
  </datafield>
  <datafield tag="084" ind1=" " ind2=" ">
   <subfield code="a">LH 84250</subfield>
   <subfield code="2">rvk</subfield>
   <subfield code="0">(DE-625)rvk/95291:</subfield>
  </datafield>
  <datafield tag="084" ind1=" " ind2=" ">
   <subfield code="a">21.86</subfield>
   <subfield code="2">bkl</subfield>
  </datafield>
  <datafield tag="084" ind1=" " ind2=" ">
   <subfield code="a">20.26</subfield>
   <subfield code="2">bkl</subfield>
  </datafield>
  <datafield tag="090" ind1=" " ind2=" ">
   <subfield code="a">a</subfield>
  </datafield>
  <datafield tag="245" ind1="1" ind2="3">
   <subfield code="a">L' histoire d'Alexandre le Grand dans les tapisseries au XVe siècle</subfield>
   <subfield code="b">fortune iconographique dans les tapisseries et les manuscrits conservés ; la tenture d'Alexandre de la collection Doria Pamphilj à Gênes</subfield>
   <subfield code="c">sous la direction de Françoise Barbe, Laura Stagno et  ...</subfield>
  </datafield>
  <datafield tag="246" ind1="3" ind2="0">
   <subfield code="a">histoire alexandre</subfield>
  </datafield>
  <datafield tag="246" ind1="3" ind2="0">
   <subfield code="a">quinzième siècle</subfield>
  </datafield>
  <datafield tag="264" ind1=" " ind2="1">
   <subfield code="a">Turnhout</subfield>
   <subfield code="b">Brepols</subfield>
   <subfield code="c">2013</subfield>
  </datafield>
  <datafield tag="300" ind1=" " ind2=" ">
   <subfield code="a">279 S.</subfield>
   <subfield code="b">zahlr. Ill., graph. Darst.</subfield>
   <subfield code="c">31 cm</subfield>
  </datafield>
  <datafield tag="336" ind1=" " ind2=" ">
   <subfield code="a">Text</subfield>
   <subfield code="b">txt</subfield>
   <subfield code="2">rdacontent</subfield>
  </datafield>
  <datafield tag="337" ind1=" " ind2=" ">
   <subfield code="a">ohne Hilfsmittel zu benutzen</subfield>
   <subfield code="b">n</subfield>
   <subfield code="2">rdamedia</subfield>
  </datafield>
  <datafield tag="338" ind1=" " ind2=" ">
   <subfield code="a">Band</subfield>
   <subfield code="b">nc</subfield>
   <subfield code="2">rdacarrier</subfield>
  </datafield>
  <datafield tag="490" ind1="1" ind2=" ">
   <subfield code="a">Studies in Western tapestry</subfield>
   <subfield code="v">Vol. [5]</subfield>
  </datafield>
  <datafield tag="500" ind1=" " ind2=" ">
   <subfield code="a">Beitr. teilw. Franz., teilw. Ital</subfield>
  </datafield>
  <datafield tag="591" ind1=" " ind2=" ">
   <subfield code="a">Bd.-Zählung wurde der Homepage des Verlags entnommen ; 5550: HDUB/s68</subfield>
  </datafield>
  <datafield tag="689" ind1="0" ind2="0">
   <subfield code="d">p</subfield>
   <subfield code="0">(DE-588)132368595</subfield>
   <subfield code="0">(DE-627)690535333</subfield>
   <subfield code="0">(DE-576)261170627</subfield>
   <subfield code="a">Doria Pamphilj</subfield>
   <subfield code="c">Familie</subfield>
   <subfield code="2">gnd</subfield>
  </datafield>
  <datafield tag="689" ind1="0" ind2="1">
   <subfield code="d">s</subfield>
   <subfield code="0">(DE-588)4128844-0</subfield>
   <subfield code="0">(DE-627)105714259</subfield>
   <subfield code="0">(DE-576)209605545</subfield>
   <subfield code="a">Sammlung</subfield>
   <subfield code="2">gnd</subfield>
  </datafield>
  <datafield tag="689" ind1="0" ind2="2">
   <subfield code="d">p</subfield>
   <subfield code="0">(DE-588)118501828</subfield>
   <subfield code="0">(DE-627)079306691</subfield>
   <subfield code="0">(DE-576)180916327</subfield>
   <subfield code="a">Alexander</subfield>
   <subfield code="b">III.</subfield>
   <subfield code="c">Makedonien, König</subfield>
   <subfield code="d">v356-v323</subfield>
   <subfield code="2">gnd</subfield>
  </datafield>
  <datafield tag="689" ind1="0" ind2="3">
   <subfield code="d">s</subfield>
   <subfield code="0">(DE-588)4006648-4</subfield>
   <subfield code="0">(DE-627)106376829</subfield>
   <subfield code="0">(DE-576)208866442</subfield>
   <subfield code="a">Bildteppich</subfield>
   <subfield code="2">gnd</subfield>
  </datafield>
  <datafield tag="689" ind1="0" ind2="4">
   <subfield code="a">z</subfield>
   <subfield code="2">gnd</subfield>
   <subfield code="a">Geschichte 1400-1500</subfield>
  </datafield>
  <datafield tag="689" ind1="0" ind2=" ">
   <subfield code="5">(DE-627)</subfield>
  </datafield>
  <datafield tag="700" ind1="1" ind2=" ">
   <subfield code="a">Barbe, Françoise</subfield>
   <subfield code="d">1971-</subfield>
   <subfield code="e">Hrsg.</subfield>
   <subfield code="0">(DE-588)132310996</subfield>
   <subfield code="0">(DE-627)521416329</subfield>
   <subfield code="0">(DE-576)299067149</subfield>
   <subfield code="4">edt</subfield>
  </datafield>
  <datafield tag="700" ind1="1" ind2=" ">
   <subfield code="a">Stagno, Laura</subfield>
   <subfield code="d">19XX-</subfield>
   <subfield code="0">(DE-588)131761528</subfield>
   <subfield code="0">(DE-627)513607269</subfield>
   <subfield code="0">(DE-576)298724421</subfield>
   <subfield code="4">oth</subfield>
  </datafield>
  <datafield tag="710" ind1="2" ind2=" ">
   <subfield code="a">Galleria Doria Pamphilj</subfield>
   <subfield code="0">(DE-588)10007120-X</subfield>
   <subfield code="0">(DE-627)319082296</subfield>
   <subfield code="0">(DE-576)198157568</subfield>
   <subfield code="4">oth</subfield>
  </datafield>
  <datafield tag="787" ind1="0" ind2="8">
   <subfield code="i">Rezensiert in</subfield>
   <subfield code="a">Pascarel, Nathalie</subfield>
   <subfield code="t">[Rezension von: Françoise Barbe (Hrsg.), L'histoire d'Alexandre le Grand dans les tapisseries au XVe siècle. Fortune iconographique dans les tapisseries et les manuscrits conservés]</subfield>
   <subfield code="d">2015</subfield>
   <subfield code="w">(DE-627)1820258750</subfield>
  </datafield>
  <datafield tag="830" ind1=" " ind2="0">
   <subfield code="a">Studies in Western tapestry</subfield>
   <subfield code="v">[5]</subfield>
   <subfield code="9">5</subfield>
   <subfield code="w">(DE-627)491232454</subfield>
   <subfield code="w">(DE-576)117337471</subfield>
   <subfield code="w">(DE-600)2194518-4</subfield>
  </datafield>
  <datafield tag="856" ind1="4" ind2="2">
   <subfield code="u">https://swbplus.bsz-bw.de/bsz386982090inh.htm</subfield>
   <subfield code="m">B:DE-576;DE-16</subfield>
   <subfield code="q">application/pdf</subfield>
   <subfield code="v">20140403094057</subfield>
   <subfield code="x">Verlag</subfield>
   <subfield code="3">Inhaltsverzeichnis</subfield>
  </datafield>
  <datafield tag="935" ind1=" " ind2=" ">
   <subfield code="i">sf</subfield>
  </datafield>
  <datafield tag="935" ind1=" " ind2=" ">
   <subfield code="i">Blocktest</subfield>
  </datafield>
  <datafield tag="936" ind1="r" ind2="v">
   <subfield code="a">LH 78964</subfield>
   <subfield code="b">Renaissance, Manierismus</subfield>
   <subfield code="k">Allgemeines. Allgemeine Kunstgeschichte</subfield>
   <subfield code="k">Kunstgeschichte einzelner Gattungen der Kunst</subfield>
   <subfield code="k">Kunstgewerbe</subfield>
   <subfield code="k">Ordnung nach Gattungen</subfield>
   <subfield code="k">Textilien (Stoffe; Spitze; Stickerei; Häkelarbeiten; Bast- und Strohflechterei)</subfield>
   <subfield code="k">Renaissance, Manierismus</subfield>
   <subfield code="0">(DE-627)1274791960</subfield>
   <subfield code="0">(DE-625)rvk/95088:6</subfield>
   <subfield code="0">(DE-576)204791960</subfield>
  </datafield>
  <datafield tag="936" ind1="r" ind2="v">
   <subfield code="a">LH 79114</subfield>
   <subfield code="b">Renaissance, Manierismus</subfield>
   <subfield code="k">Allgemeines. Allgemeine Kunstgeschichte</subfield>
   <subfield code="k">Kunstgeschichte einzelner Gattungen der Kunst</subfield>
   <subfield code="k">Kunstgewerbe</subfield>
   <subfield code="k">Ordnung nach Gattungen</subfield>
   <subfield code="k">Teppiche</subfield>
   <subfield code="k">Wandteppiche</subfield>
   <subfield code="k">Renaissance, Manierismus</subfield>
   <subfield code="0">(DE-627)127479255X</subfield>
   <subfield code="0">(DE-625)rvk/95098:6</subfield>
   <subfield code="0">(DE-576)20479255X</subfield>
  </datafield>
  <datafield tag="936" ind1="r" ind2="v">
   <subfield code="a">LM 92614</subfield>
   <subfield code="b">Renaissance, Manierismus</subfield>
   <subfield code="k">Kunst nach Ländern bzw. Kontinenten</subfield>
   <subfield code="k">Frankreich</subfield>
   <subfield code="k">Französische Kunstgeschichte nach Gattungen</subfield>
   <subfield code="k">Kunstgewerbe</subfield>
   <subfield code="k">Ordnung nach Gattungen (für jeden Punkt chronologische Ordnung nach dem großen Epochenschlüssel)</subfield>
   <subfield code="k">Teppiche, Wandteppiche</subfield>
   <subfield code="k">Renaissance, Manierismus</subfield>
   <subfield code="0">(DE-627)1271935813</subfield>
   <subfield code="0">(DE-625)rvk/101791:6</subfield>
   <subfield code="0">(DE-576)201935813</subfield>
  </datafield>
  <datafield tag="936" ind1="r" ind2="v">
   <subfield code="a">LH 84250</subfield>
   <subfield code="b">Gestalten der Geschichte</subfield>
   <subfield code="k">Allgemeines. Allgemeine Kunstgeschichte</subfield>
   <subfield code="k">Kunstgeschichte einzelner Gattungen der Kunst</subfield>
   <subfield code="k">Ikonographie, Ikonologie</subfield>
   <subfield code="k">Weltliche Ikonographie</subfield>
   <subfield code="k">Der Mensch</subfield>
   <subfield code="k">Die Stände</subfield>
   <subfield code="k">Gestalten der Geschichte</subfield>
   <subfield code="0">(DE-627)1270642359</subfield>
   <subfield code="0">(DE-625)rvk/95291:</subfield>
   <subfield code="0">(DE-576)200642359</subfield>
  </datafield>
  <datafield tag="936" ind1="b" ind2="k">
   <subfield code="a">21.86</subfield>
   <subfield code="j">Textilkunst</subfield>
   <subfield code="0">(DE-627)106405594</subfield>
  </datafield>
  <datafield tag="936" ind1="b" ind2="k">
   <subfield code="a">20.26</subfield>
   <subfield code="j">Geschichte</subfield>
   <subfield code="x">Ikonographie</subfield>
   <subfield code="0">(DE-627)106423630</subfield>
  </datafield>
  <datafield tag="951" ind1=" " ind2=" ">
   <subfield code="a">BO</subfield>
  </datafield>
  <datafield tag="990" ind1=" " ind2=" ">
   <subfield code="a">Doria Pamphilj &lt;Familie&gt; </subfield>
  </datafield>
  <datafield tag="990" ind1=" " ind2=" ">
   <subfield code="a">Sammlung</subfield>
  </datafield>
  <datafield tag="990" ind1=" " ind2=" ">
   <subfield code="a">Alexander &lt;III., Makedonien, König&gt; </subfield>
  </datafield>
  <datafield tag="990" ind1=" " ind2=" ">
   <subfield code="a">Bildteppich</subfield>
  </datafield>
  <datafield tag="990" ind1=" " ind2=" ">
   <subfield code="a">Geschichte 1400-1500</subfield>
  </datafield>
  <datafield tag="991" ind1=" " ind2=" ">
   <subfield code="a">Rezensiertes Werk</subfield>
  </datafield>
  <datafield tag="999" ind1=" " ind2=" ">
   <subfield code="a">KXP-PPN781220246</subfield>
   <subfield code="e">4203371732</subfield>
  </datafield>
 </record>
</collection>
